000 00483nam a2200157Ia 4500
008 170224s9999 xx 000 0 und d
100 _aJozon A Lorenzana
245 _aMediated recognition: The role of Facebook in identity and social formations of Filipino transnationals in Indian cities
245 _cJozon A Lorenzana
260 _bNew Media & Society
260 _c2016
300 _a18:10
500 _a2016
650 _xCommunication Arts
650 _xMultimedia Arts
999 _c316238
_d316238